Question & answer book

Bibliographic Details
Main Author: Farndon, John
Format: Book
Published: London : Dorling Kindersley , 1993
Series:Eyewitness series
Subjects:

MARC

LEADER 00000cam a2200000 7i4500
001 0000004100
002 000004412
005 20000330.0
020 |a 0751360163 
090 0 0 |a 001   |b FAR 
100 1 |a Farndon, John 
245 1 0 |a Question & answer book   |c John Farndon 
260 |a London :   |b Dorling Kindersley ,   |c 1993 
300 |a 63p. :   |b ill ;   |c 28cm. 
490 0 |a Eyewitness series 
650 0 0 |a Questions and answers 
999 |a 037290   |b BUKU   |c JUNIOR BOOKS   |e PERPUSTAKAAN KOMUNITI PETALING JAYA